[Event "Titled Tuesday intern op 01st Aug Early"]
[Site "Chess.com INT"]
[Date "2023.08.01"]
[Round "4"]
[White "Romero Arzuaga, Yudel"]
[Black "Tikhonov, Viacheslav"]
[Result "1/2-1/2"]
[WhiteElo "2218"]
[BlackElo "2201"]
[PlyCount "121"]
[EventDate "2023.08.01"]
[EventType "swiss (blitz)"]
[EventRounds "11"]
[EventCountry "USA"]
[SourceTitle "EXT 2024"]
[Source "ChessBase"]
[SourceDate "2023.10.10"]
[SourceVersion "1"]
[SourceVersionDate "2023.10.10"]
[SourceQuality "1"]

1. d4 d5 2. Nf3 Nf6 3. Bf4 c5 4. e3 Nc6 5. c3 Qb6 6. Qb3 c4 7. Qxb6 axb6 8. Be2 b5 9. Na3 Ra5 10. Bc7 b6 11. Bxb6 Ra6 12. Bc5 Ra5 13. Bb6 Ra6 14. Bc7 b4 15. Nb5 Bf5 16. Bf4 Kd7 17. Ne5+ Nxe5 18. dxe5 Ne4 19. f3 Nc5 20. cxb4 Nb3 21. Kf2 Nxa1 22. Rxa1 e6 23. a3 Bxb4 24. Nd4 Bg6 25. Rd1 Bc5 26. Nb3 Kc6 27. Nxc5 Kxc5 28. e4 Rd8 29. Bd2 d4 30. Bb4+ Kb5 31. b3 d3 32. Bf1 f5 33. bxc4+ Kxc4 34. Ke3 fxe4 35. fxe4 Kb3 36. Bxd3 Raa8 37. Rb1+ Ka2 38. Rf1 Rac8 39. Rf2+ Kb3 40. g4 Rd7 41. h4 Rcd8 42. Bc2+ Kc4 43. Ba4 Rd3+ 44. Ke2 Bxe4 45. Rf4 Kd5 46. Rxe4 Kxe4 47. Bc2 R8d5 48. Bd6 g6 49. h5 R5d4 50. a4 Rd5 51. a5 Rxa5 52. Bxd3+ Kf4 53. hxg6 hxg6 54. Bxg6 Ra2+ 55. Kd3 Kxg4 56. Bf7 Kf5 57. Kd4 Rd2+ 58. Kc5 Rd5+ 59. Kc6 Rxe5 60. Bxe5 Kxe5 61. Bxe6 1/2-1/2

[Event "Titled Tuesday intern op 01st Aug Early"]
[Site "Chess.com INT"]
[Date "2023.08.01"]
[Round "5"]
[White "Santos Flores, Alberto Javier"]
[Black "Romero Arzuaga, Yudel"]
[Result "1-0"]
[WhiteElo "2200"]
[BlackElo "2218"]
[PlyCount "55"]
[EventDate "2023.08.01"]
[EventType "swiss (blitz)"]
[EventRounds "11"]
[EventCountry "USA"]
[SourceTitle "EXT 2024"]
[Source "ChessBase"]
[SourceDate "2023.10.10"]
[SourceVersion "1"]
[SourceVersionDate "2023.10.10"]
[SourceQuality "1"]

1. e4 d5 2. exd5 Qxd5 3. Nf3 Bg4 4. Be2 c6 5. d4 e6 6. 0-0 Qd8 7. c4 Nf6 8. Nc3 Be7 9. h3 Bh5 10. g4 Bg6 11. Ne5 Nbd7 12. f4 Nxe5 13. dxe5 Qxd1 14. Nxd1 Bc5+ 15. Be3 Nd7 16. f5 Bxe3+ 17. Nxe3 Nxe5 18. fxg6 hxg6 19. Kg2 f5 20. Rad1 Ke7 21. Nc2 Raf8 22. b3 f4 23. Nd4 g5 24. Nf3 Nxf3 25. Bxf3 Rd8 26. Rxd8 Rxd8 27. Rd1 Rd4 28. Rxd4 1-0

[Event "Titled Tuesday intern op 11th Jul Early"]
[Site "Chess.com INT"]
[Date "2023.07.11"]
[Round "1"]
[White "Tologontegin, Semetey"]
[Black "Romero Arzuaga, Yudel"]
[Result "1-0"]
[WhiteElo "2368"]
[BlackElo "2218"]
[PlyCount "45"]
[EventDate "2023.07.11"]
[EventType "swiss (blitz)"]
[EventRounds "11"]
[EventCountry "USA"]
[SourceTitle "EXT 2024"]
[Source "ChessBase"]
[SourceDate "2023.10.10"]
[SourceVersion "1"]
[SourceVersionDate "2023.10.10"]
[SourceQuality "1"]

1. Nf3 d5 2. g3 e6 3. b3 Be7 4. Bb2 Nf6 5. c4 c6 6. Bg2 0-0 7. 0-0 Nbd7 8. d3 b6 9. Nbd2 Bb7 10. e4 dxe4 11. dxe4 c5 12. Qe2 Qc7 13. e5 Nh5 14. Ne4 Rfd8 15. Nfg5 g6 16. f4 h6 17. Nxf7 Kxf7 18. f5 exf5 19. Rxf5+ Kg8 20. Rxh5 gxh5 21. Qxh5 Bf8 22. e6 Bg7 23. Qf7+ 1-0

[Event "Titled Tuesday intern op 04th Jul Late"]
[Site "Chess.com INT"]
[Date "2023.07.04"]
[Round "7"]
[White "Novik, Maxim"]
[Black "Romero Arzuaga, Yudel"]
[Result "1/2-1/2"]
[WhiteElo "2436"]
[BlackElo "2218"]
[PlyCount "138"]
[EventDate "2023.07.04"]
[EventType "swiss (blitz)"]
[EventRounds "11"]
[EventCountry "USA"]
[SourceTitle "EXT 2024"]
[Source "ChessBase"]
[SourceDate "2023.10.10"]
[SourceVersion "1"]
[SourceVersionDate "2023.10.10"]
[SourceQuality "1"]

1. e4 d5 2. exd5 Qxd5 3. Nc3 Qd8 4. d4 c6 5. Bc4 Bf5 6. Nf3 e6 7. 0-0 Nd7 8. Re1 Ngf6 9. d5 cxd5 10. Nxd5 Be7 11. Nxe7 Qxe7 12. Bf4 Qb4 13. b3 0-0 14. Bd6 Qb6 15. Bxf8 Nxf8 16. Qd4 Qc7 17. Bd3 Rd8 18. Qe5 Qb6 19. Bxf5 exf5 20. Qxf5 Ng6 21. Rad1 Rf8 22. g3 Qa6 23. h4 Qa3 24. h5 Ne7 25. Qe5 Nc6 26. Qd6 Qxa2 27. h6 Qxc2 28. hxg7 Kxg7 29. Nd4 Qg6 30. Nxc6 bxc6 31. Qxc6 h5 32. Re3 Ng4 33. Rd6 Qb1+ 34. Kg2 Nxe3+ 35. fxe3 Qe1 36. Qe4 Qe2+ 37. Kh3 Qg4+ 38. Qxg4+ hxg4+ 39. Kxg4 Rb8 40. Rd3 Kf6 41. Kf4 Rb4+ 42. e4 a5 43. g4 a4 44. bxa4 Rxa4 45. g5+ Kg7 46. Rd7 Ra1 47. Rc7 Rf1+ 48. Ke5 Kg6 49. Rc8 Kxg5 50. Rg8+ Kh6 51. Rg3 Kh7 52. Rg5 Rf2 53. Rg3 Rf1 54. Kd6 Re1 55. e5 f6 56. e6 f5 57. e7 Kh6 58. Kd7 Kh5 59. e8Q+ Rxe8 60. Kxe8 f4 61. Rg8 Kh4 62. Ke7 f3 63. Ke6 Kh3 64. Ke5 f2 65. Rf8 Kg2 66. Rg8+ Kh2 67. Rf8 Kg2 68. Rg8+ Kh2 69. Rf8 Kg2 1/2-1/2

[Event "Titled Tuesday intern op 04th Jul Late"]
[Site "Chess.com INT"]
[Date "2023.07.04"]
[Round "5"]
[White "Winkels, Marcel"]
[Black "Romero Arzuaga, Yudel"]
[Result "0-1"]
[WhiteElo "1920"]
[BlackElo "2218"]
[PlyCount "50"]
[EventDate "2023.07.04"]
[EventType "swiss (blitz)"]
[EventRounds "11"]
[EventCountry "USA"]
[SourceTitle "EXT 2024"]
[Source "ChessBase"]
[SourceDate "2023.10.10"]
[SourceVersion "1"]
[SourceVersionDate "2023.10.10"]
[SourceQuality "1"]

1. e4 d5 2. exd5 Qxd5 3. Nc3 Qd8 4. d4 c6 5. Nf3 Bg4 6. Be2 e6 7. h3 Bh5 8. g4 Bg6 9. Ne5 Nd7 10. Bf4 Nxe5 11. Bxe5 Nf6 12. h4 h6 13. h5 Bh7 14. Qd2 Bb4 15. a3 Ne4 16. Qe3 Bxc3+ 17. bxc3 f6 18. Bf3 Qa5 19. Bxe4 Bxe4 20. Qxe4 Qxc3+ 21. Ke2 fxe5 22. dxe5 0-0-0 23. Rhd1 Rd5 24. f4 Rhd8 25. Qe3 Qxc2+ 0-1

[Event "Titled Tuesday intern op 08th Sept"]
[Site "Chess.com INT"]
[Date "2020.09.08"]
[Round "1"]
[White "Romero Arzuaga, Yudel"]
[Black "Azaladze, Shota"]
[Result "0-1"]
[WhiteElo "2203"]
[BlackElo "2439"]
[PlyCount "78"]
[EventDate "2020.09.08"]
[EventType "swiss (blitz)"]
[EventRounds "10"]
[EventCountry "USA"]
[SourceTitle "CBM 198 Extra"]
[Source "ChessBase"]
[SourceDate "2020.11.30"]
[SourceVersion "1"]
[SourceVersionDate "2020.11.30"]
[SourceQuality "1"]

1. d4 g6 2. Nf3 Bg7 3. Bf4 d6 4. e3 Nf6 5. Be2 0-0 6. h3 Nc6 7. c3 Nd7 8. 0-0 e5 9. dxe5 dxe5 10. Bh2 Qe7 11. Nbd2 f6 12. Qc2 a5 13. Bb5 Nb6 14. Nc4 Nxc4 15. Bxc4+ Kh8 16. Rad1 Bf5 17. e4 Bd7 18. Rd3 Na7 19. Rfd1 Be8 20. a3 Nc8 21. Rd8 Nb6 22. Rxa8 Nxa8 23. Qd3 Nb6 24. Bb5 c6 25. Bc4 Nxc4 26. Qxc4 Bf7 27. Qd3 Be6 28. Qd6 Qf7 29. g4 h6 30. Kg2 a4 31. Nh4 Re8 32. f4 exf4 33. e5 fxe5 34. Qd3 Kh7 35. Kg1 Qf6 36. Qe4 Bd5 37. Qe1 b5 38. Ng2 Rf8 39. b3 axb3 0-1

[Event "Titled Tuesday intern op 08th Sept"]
[Site "Chess.com INT"]
[Date "2020.09.08"]
[Round "2"]
[White "Romero Arzuaga, Yudel"]
[Black "Jumabayev, Rinat"]
[Result "0-1"]
[WhiteElo "2203"]
[BlackElo "2654"]
[PlyCount "52"]
[EventDate "2020.09.08"]
[EventType "swiss (blitz)"]
[EventRounds "10"]
[EventCountry "USA"]
[SourceTitle "CBM 198 Extra"]
[Source "ChessBase"]
[SourceDate "2020.11.30"]
[SourceVersion "1"]
[SourceVersionDate "2020.11.30"]
[SourceQuality "1"]

1. d4 g6 2. Nf3 Bg7 3. Bf4 d6 4. e3 Nd7 5. Be2 e5 6. Bg3 Ne7 7. 0-0 Nf5 8. c3 0-0 9. Nbd2 h5 10. dxe5 dxe5 11. e4 Nxg3 12. hxg3 Qe7 13. Qc2 Nf6 14. Nc4 Ng4 15. a4 Be6 16. Rad1 Bf6 17. Na5 c6 18. Bc4 Bc8 19. Nb3 Kg7 20. Nbd2 Rh8 21. Rfe1 h4 22. gxh4 Bxh4 23. g3 Bxg3 24. fxg3 Qc5+ 25. Nd4 exd4 26. Nf3 d3+ 0-1

[Event "Titled Tuesday intern op 18th Aug"]
[Site "Chess.com INT"]
[Date "2020.08.18"]
[Round "9"]
[White "Djukic, Nikola"]
[Black "Romero Arzuaga, Yudel"]
[Result "1-0"]
[WhiteElo "2525"]
[BlackElo "2203"]
[PlyCount "71"]
[EventDate "2020.08.18"]
[EventType "swiss (blitz)"]
[EventRounds "10"]
[EventCountry "USA"]
[SourceTitle "CBM 197 Extra"]
[Source "ChessBase"]
[SourceDate "2020.09.30"]
[SourceVersion "1"]
[SourceVersionDate "2020.09.30"]
[SourceQuality "1"]

1. e4 d5 2. exd5 Qxd5 3. Nc3 Qd8 4. d4 c6 5. Nf3 Bg4 6. h3 Bh5 7. g4 Bg6 8. Ne5 Nd7 9. Nxg6 hxg6 10. Bg2 e6 11. Qd3 Bb4 12. Bd2 Ngf6 13. a3 Ba5 14. 0-0-0 Nd5 15. Nxd5 Bxd2+ 16. Rxd2 cxd5 17. f4 Qc7 18. f5 gxf5 19. gxf5 0-0-0 20. Re1 Rde8 21. Rde2 Rh6 22. Bxd5 Reh8 23. fxe6 fxe6 24. Bxe6 Kb8 25. Kb1 Nf6 26. d5 Qd6 27. Rg2 a6 28. Rxg7 Ne8 29. Rd7 Qb6 30. Qg3+ Nc7 31. Re3 Rxe6 32. dxe6 Rc8 33. e7 Ka7 34. Rxc7 Rxc7 35. e8Q Qc5 36. Rc3 1-0

[Event "Titled Tuesday intern op 18th Aug"]
[Site "Chess.com INT"]
[Date "2020.08.18"]
[Round "1"]
[White "Romero Arzuaga, Yudel"]
[Black "Rastbod, Ali"]
[Result "0-1"]
[WhiteElo "2203"]
[BlackElo "2321"]
[PlyCount "114"]
[EventDate "2020.08.18"]
[EventType "swiss (blitz)"]
[EventRounds "10"]
[EventCountry "USA"]
[SourceTitle "CBM 197 Extra"]
[Source "ChessBase"]
[SourceDate "2020.09.30"]
[SourceVersion "1"]
[SourceVersionDate "2020.09.30"]
[SourceQuality "1"]

1. d4 Nf6 2. Bg5 c5 3. d5 Qb6 4. Bxf6 gxf6 5. Nd2 f5 6. Rb1 Bg7 7. e3 0-0 8. Ngf3 d6 9. Bd3 e5 10. dxe6 fxe6 11. 0-0 Nc6 12. c3 d5 13. Bc2 Bd7 14. e4 fxe4 15. Nxe4 dxe4 16. Qxd7 exf3 17. Qxe6+ Kh8 18. Qe4 Kg8 19. Qxh7+ Kf7 20. Qg6+ Kg8 21. Bb3+ Qxb3 22. axb3 fxg2 23. Rfd1 Rf6 24. Qg3 Rf7 25. Rd5 Raf8 26. Rd2 Ne5 27. Kxg2 Rf4 28. h3 R8f6 29. Kh1 Rf3 30. Qg2 Rh6 31. Re1 Rfxh3+ 32. Kg1 Nf3+ 33. Kf1 Rh1+ 34. Ke2 Rxe1+ 35. Kxf3 Rf6+ 36. Kg3 Rg6+ 37. Kf3 Rxg2 38. Kxg2 b5 39. Rd7 Rb1 40. Rxa7 Rxb2 41. Rc7 Rxb3 42. Rxc5 Bxc3 43. Kf1 b4 44. f4 Kf7 45. Ke2 Rb1 46. Kd3 Rd1+ 47. Kc4 Rd4+ 48. Kb3 Rxf4 49. Rd5 Ke6 50. Rd8 Rf1 51. Re8+ Kd7 52. Re4 Rb1+ 53. Kc4 Kd6 54. Rh4 Bf6 55. Rh6 Ke7 56. Rh7+ Ke6 57. Rh6 b3 0-1

[Event "Titled Tuesday intern op 11th Aug"]
[Site "Chess.com INT"]
[Date "2020.08.11"]
[Round "5"]
[White "Roebers, Jan"]
[Black "Romero Arzuaga, Yudel"]
[Result "0-1"]
[WhiteElo "2170"]
[BlackElo "2203"]
[PlyCount "74"]
[EventDate "2020.08.11"]
[EventType "swiss (blitz)"]
[EventRounds "10"]
[EventCountry "USA"]
[SourceTitle "CBM 197 Extra"]
[Source "ChessBase"]
[SourceDate "2020.09.30"]
[SourceVersion "1"]
[SourceVersionDate "2020.09.30"]
[SourceQuality "1"]

1. e4 d5 2. exd5 Qxd5 3. Nc3 Qd8 4. Nf3 Bg4 5. h3 Bh5 6. Bc4 e6 7. 0-0 c6 8. Bb3 Nd7 9. Ne4 Ngf6 10. Ng3 Bg6 11. d4 Bd6 12. c3 Qc7 13. Ne2 0-0 14. Kh1 h6 15. Ne1 Rfe8 16. Nd3 Rad8 17. Bf4 Nd5 18. Bxd6 Qxd6 19. Qd2 Bxd3 20. Qxd3 N7f6 21. Rad1 Nf4 22. Nxf4 Qxf4 23. Qe3 Qh4 24. Qf3 e5 25. dxe5 Rxd1 26. Rxd1 Rxe5 27. Rd8+ Kh7 28. Bxf7 Re1+ 29. Kh2 Ng4+ 30. Qxg4 Qxd8 31. Bg6+ Kh8 32. Bc2 Qd6+ 33. g3 Qe6 34. Qf3 Qf6 35. Qxf6 gxf6 36. Bf5 Re2 37. b3 Rxf2+ 0-1

[Event "Titled Tuesday intern op 11th Aug"]
[Site "Chess.com INT"]
[Date "2020.08.11"]
[Round "7"]
[White "Romero Arzuaga, Yudel"]
[Black "Atanasov, Anthony"]
[Result "1/2-1/2"]
[WhiteElo "2203"]
[BlackElo "2205"]
[PlyCount "128"]
[EventDate "2020.08.11"]
[EventType "swiss (blitz)"]
[EventRounds "10"]
[EventCountry "USA"]
[SourceTitle "CBM 197 Extra"]
[Source "ChessBase"]
[SourceDate "2020.09.30"]
[SourceVersion "1"]
[SourceVersionDate "2020.09.30"]
[SourceQuality "1"]

1. d4 e5 2. dxe5 Nc6 3. Nf3 Qe7 4. g3 Nxe5 5. Nxe5 Qxe5 6. Bg2 h5 7. h4 Nf6 8. c3 Bc5 9. Bf4 Qf5 10. Qd3 Qxd3 11. exd3 d6 12. Nd2 Bf5 13. d4 Bb6 14. Bxb7 Rb8 15. Bc6+ Bd7 16. Bxd7+ Kxd7 17. 0-0 Nd5 18. Be3 Ba5 19. Nc4 Bb6 20. Bd2 Rhe8 21. Rfe1 Nf6 22. Bg5 Ne4 23. Bf4 Re7 24. f3 Nf6 25. Rxe7+ Kxe7 26. Bg5 Kd7 27. Bxf6 gxf6 28. Re1 a6 29. Nxb6+ Rxb6 30. Re2 d5 31. Kf2 f5 32. Ke3 Re6+ 33. Kf2 Rb6 34. b3 Rf6 35. Re5 Kd6 36. Ke3 Re6 37. Kf4 Rxe5 38. dxe5+ Ke6 39. Kg5 c5 40. g4 fxg4 41. fxg4 hxg4 42. Kxg4 Kxe5 43. h5 d4 44. cxd4+ cxd4 45. h6 Kf6 46. Kf4 Kg6 47. Ke4 Kxh6 48. Kxd4 Kg5 49. Ke4 Kg4 50. Ke3 Kg3 51. Ke4 Kg4 52. Ke3 Kg3 53. Ke2 Kf4 54. a3 f5 55. b4 Kg3 56. Kf1 Kf3 57. a4 Ke4 58. b5 axb5 59. axb5 Kd5 60. Kf2 Kd6 61. Kf3 Kc5 62. Kf4 Kb6 63. Kxf5 Ka5 64. Ke5 Kxb5 1/2-1/2

[Event "Titled Tuesday intern op 11th Aug"]
[Site "Chess.com INT"]
[Date "2020.08.11"]
[Round "6"]
[White "Romero Arzuaga, Yudel"]
[Black "Golubev, Mikhail"]
[Result "1-0"]
[WhiteElo "2203"]
[BlackElo "2461"]
[PlyCount "47"]
[EventDate "2020.08.11"]
[EventType "swiss (blitz)"]
[EventRounds "10"]
[EventCountry "USA"]
[SourceTitle "CBM 197 Extra"]
[Source "ChessBase"]
[SourceDate "2020.09.30"]
[SourceVersion "1"]
[SourceVersionDate "2020.09.30"]
[SourceQuality "1"]

1. d4 Nf6 2. Bg5 Ne4 3. Bf4 c5 4. d5 Qb6 5. Nd2 Qxb2 6. Nxe4 Qb4+ 7. c3 Qxe4 8. e3 e6 9. dxe6 fxe6 10. Nf3 Nc6 11. Bd3 Qd5 12. Qc2 Qh5 13. h3 c4 14. Bxc4 Bc5 15. Bd3 0-0 16. g4 Qd5 17. Bxh7+ Kh8 18. Be4 Qc4 19. Ng5 Rf6 20. Bd5 Qxc3+ 21. Qxc3 Bb4 22. Qxb4 Nxb4 23. Be4 d5 24. a3 1-0

[Event "Titled Tuesday intern op 11th Aug"]
[Site "Chess.com INT"]
[Date "2020.08.11"]
[Round "8"]
[White "Vestby Ellingsen, Mads"]
[Black "Romero Arzuaga, Yudel"]
[Result "1-0"]
[WhiteElo "2361"]
[BlackElo "2203"]
[PlyCount "47"]
[EventDate "2020.08.11"]
[EventType "swiss (blitz)"]
[EventRounds "10"]
[EventCountry "USA"]
[SourceTitle "CBM 197 Extra"]
[Source "ChessBase"]
[SourceDate "2020.09.30"]
[SourceVersion "1"]
[SourceVersionDate "2020.09.30"]
[SourceQuality "1"]

1. e4 d5 2. exd5 Qxd5 3. Nc3 Qd8 4. d4 c6 5. Nf3 Bg4 6. h3 Bh5 7. g4 Bg6 8. h4 h6 9. Ne5 Bh7 10. Qf3 f6 11. Nc4 Bxc2 12. Bd3 Bxd3 13. Qxd3 Kf7 14. h5 e6 15. Qg6+ Ke7 16. Bf4 Kd7 17. 0-0-0 Kc8 18. Rhe1 Ne7 19. Qf7 Nd7 20. Nd6+ Kc7 21. Qxe6 Kb6 22. Qb3+ Ka6 23. Qxb7+ Ka5 24. b4# 1-0

[Event "Titled Tuesday intern op 4th Aug 10am"]
[Site "Chess.com INT"]
[Date "2020.08.04"]
[Round "5"]
[White "Nayem, Haque"]
[Black "Romero Arzuaga, Yudel"]
[Result "0-1"]
[WhiteElo "2031"]
[BlackElo "2203"]
[PlyCount "110"]
[EventDate "2020.08.04"]
[EventType "swiss (blitz)"]
[EventRounds "10"]
[EventCountry "USA"]
[SourceTitle "CBM 197 Extra"]
[Source "ChessBase"]
[SourceDate "2020.09.30"]
[SourceVersion "1"]
[SourceVersionDate "2020.09.30"]
[SourceQuality "1"]

1. e4 d5 2. exd5 Qxd5 3. Nc3 Qd8 4. d4 c6 5. Nf3 Bg4 6. h3 Bh5 7. Bc4 e6 8. Be3 Nd7 9. g4 Bg6 10. Qd2 Ngf6 11. Rg1 Bb4 12. Bd3 Nd5 13. a3 Qa5 14. Bxg6 hxg6 15. Ke2 Bxc3 16. bxc3 Qxc3 17. h4 Qc4+ 18. Ke1 N7f6 19. Qd3 Qxd3 20. cxd3 Nd7 21. Kd2 0-0-0 22. a4 f6 23. a5 e5 24. dxe5 Nxe3 25. Kxe3 Nxe5 26. Nxe5 fxe5 27. Rh1 Rd4 28. f3 Rhd8 29. Ra3 Rh8 30. a6 b6 31. Rc3 c5 32. Ra3 Kc7 33. Rh2 b5 34. Raa2 Kb6 35. h5 gxh5 36. gxh5 Rhd8 37. Rad2 c4 38. dxc4 Rxd2 39. Rxd2 Rxd2 40. Kxd2 bxc4 41. Ke3 Kc5 42. Ke4 Kb4 43. Kxe5 c3 44. h6 gxh6 45. f4 c2 46. f5 c1Q 47. f6 Qc8 48. f7 Qf8 49. Kf6 h5 50. Kg5 Qxf7 51. Kh4 Qg6 52. Kh3 Qg4+ 53. Kh2 Kc3 54. Kh1 Kd3 55. Kh2 Ke3 0-1

[Event "Titled Tuesday intern op 21st July"]
[Site "Chess.com INT"]
[Date "2020.07.21"]
[Round "7"]
[White "Romero Arzuaga, Yudel"]
[Black "Koellner, Ruben Gideon"]
[Result "1-0"]
[WhiteElo "2203"]
[BlackElo "2376"]
[PlyCount "69"]
[EventDate "2020.07.21"]
[EventType "swiss (blitz)"]
[EventRounds "10"]
[EventCountry "USA"]
[SourceTitle "CBM 197 Extra"]
[Source "ChessBase"]
[SourceDate "2020.09.30"]
[SourceVersion "1"]
[SourceVersionDate "2020.09.30"]
[SourceQuality "1"]

1. d4 d6 2. Nf3 Nf6 3. Bf4 g6 4. e3 Bg7 5. h3 0-0 6. Be2 Nc6 7. 0-0 Nd7 8. c3 e5 9. dxe5 dxe5 10. Bh2 Qe7 11. Nbd2 Rd8 12. Qc2 a5 13. a4 Nc5 14. Rfd1 Be6 15. Bc4 Rd7 16. Bxe6 Qxe6 17. Ng5 Qe7 18. Nge4 Rad8 19. Nxc5 Qxc5 20. Nf3 Rxd1+ 21. Rxd1 Rxd1+ 22. Qxd1 Qd6 23. Qb3 b6 24. Bg3 h6 25. Kh2 Nd8 26. Qc4 Ne6 27. Qe4 Nc5 28. Qa8+ Kh7 29. b4 Nxa4 30. bxa5 bxa5 31. Qe8 Nxc3 32. Qxf7 Qf6 33. Qc4 e4 34. Be5 Qe7 35. Bxc3 1-0

[Event "Titled Tuesday intern op 21st July"]
[Site "Chess.com INT"]
[Date "2020.07.21"]
[Round "2"]
[White "Romero Arzuaga, Yudel"]
[Black "Vysochin, Spartak"]
[Result "1-0"]
[WhiteElo "2203"]
[BlackElo "2501"]
[PlyCount "63"]
[EventDate "2020.07.21"]
[EventType "swiss (blitz)"]
[EventRounds "10"]
[EventCountry "USA"]
[SourceTitle "CBM 197 Extra"]
[Source "ChessBase"]
[SourceDate "2020.09.30"]
[SourceVersion "1"]
[SourceVersionDate "2020.09.30"]
[SourceQuality "1"]

1. d4 d5 2. Nf3 Nf6 3. Bf4 c5 4. e3 Nc6 5. c3 Qb6 6. Na3 a6 7. Qb3 Qa7 8. dxc5 e6 9. Bd6 Bxd6 10. cxd6 0-0 11. Nc2 e5 12. Be2 Rd8 13. Qa3 Bf5 14. Rc1 Qb8 15. 0-0 Qxd6 16. Qxd6 Rxd6 17. Rfd1 Rad8 18. h3 h6 19. Nce1 g5 20. Nd2 Kg7 21. Nb3 a5 22. Nc5 Bc8 23. a4 b6 24. Nb3 Be6 25. Nd2 d4 26. cxd4 exd4 27. e4 Nb4 28. e5 Rd5 29. exf6+ Kxf6 30. Bc4 Rc5 31. Ne4+ Ke7 32. Nxc5 1-0

[Event "Titled Tuesday intern op 30th June"]
[Site "Chess.com INT"]
[Date "2020.06.30"]
[Round "4"]
[White "Aditya, Mittal"]
[Black "Romero Arzuaga, Yudel"]
[Result "1-0"]
[WhiteElo "2438"]
[BlackElo "2203"]
[PlyCount "83"]
[EventDate "2020.06.30"]
[EventType "swiss (blitz)"]
[EventRounds "10"]
[EventCountry "USA"]
[SourceTitle "CBM 197 Extra"]
[Source "ChessBase"]
[SourceDate "2020.09.30"]
[SourceVersion "1"]
[SourceVersionDate "2020.09.30"]
[SourceQuality "1"]

1. Nf3 d5 2. g3 Bf5 3. Bg2 e6 4. d3 Nf6 5. 0-0 h6 6. Nbd2 Be7 7. c4 c6 8. b3 0-0 9. Bb2 Nbd7 10. Qc2 Bh7 11. Rad1 a5 12. e4 a4 13. Rfe1 axb3 14. axb3 Ra2 15. Ra1 Rxa1 16. Rxa1 dxe4 17. Nxe4 Nxe4 18. dxe4 Nc5 19. Qc3 Bf6 20. e5 Be7 21. Qe3 Qd3 22. Qxd3 Nxd3 23. Bc3 Bc5 24. Ra2 Rd8 25. Rd2 Bb6 26. Bf1 Be4 27. Ne1 Nxe1 28. Rxd8+ Bxd8 29. Bxe1 c5 30. b4 cxb4 31. Bxb4 g5 32. Be2 Bc7 33. Bd6 Bxd6 34. exd6 Kf8 35. c5 Bc6 36. Bh5 f5 37. f4 Kg7 38. Kf2 Kf6 39. Bf3 e5 40. fxe5+ Kxe5 41. Bxc6 bxc6 42. d7 1-0

[Event "Titled Tuesday intern op 16th June"]
[Site "Chess.com INT"]
[Date "2020.06.16"]
[Round "1"]
[White "Matsenko, Andrei"]
[Black "Romero Arzuaga, Yudel"]
[Result "1-0"]
[WhiteElo "2228"]
[BlackElo "2203"]
[PlyCount "71"]
[EventDate "2020.06.16"]
[EventType "swiss (blitz)"]
[EventRounds "10"]
[EventCountry "USA"]
[SourceTitle "EXT 2021"]
[Source "ChessBase"]
[SourceDate "2020.10.23"]
[SourceVersion "1"]
[SourceVersionDate "2020.10.23"]
[SourceQuality "1"]

1. Nf3 d5 2. b3 Bf5 3. Bb2 e6 4. e3 Nf6 5. c4 c6 6. Be2 Nbd7 7. 0-0 Bd6 8. d4 Qe7 9. Ne5 h5 10. Nd2 Ng4 11. Nxg4 hxg4 12. g3 Qg5 13. f4 gxf3 14. Nxf3 Qxe3+ 15. Rf2 Qh6 16. Bc1 Qh3 17. Ng5 Qh6 18. Nxf7 Ke7 19. Nxh6 gxh6 20. Rxf5 exf5 21. Bf3 Rag8 22. cxd5 f4 23. g4 h5 24. dxc6 bxc6 25. Qe2+ Kd8 26. Qe6 Kc7 27. Bd2 hxg4 28. Be4 Re8 29. Qf5 Rhf8 30. Qg6 f3 31. Rc1 Nb8 32. Bxc6 Nxc6 33. d5 f2+ 34. Kf1 Bxh2 35. Qxc6+ Kb8 36. d6 1-0